000 01056nam a22003137a 4500
003 CHAP
005 20220329134253.0
008 971013s1963 r 00010 d
010 _a17909
011 _a18881
035 _a22966
040 _cCHAP
090 _aTesis
100 0 0 _aJuárez Barenechea, Clemente.
_962381
245 _aEstudio comparativo de rendimiento y calidad de fibra de variedades de algonero en la Comarca Lagunera
260 _aChapingo, Méx., :
_bEl autor,
_c1963
300 _a53 p.
_b: ilus
502 _aTesis (Ing. Agrónomo Esp. en Irrigación) -- ENA. Departamento de Irrigación
590 _aALEPH
_b10
_c20130110
_lUCH01
_h1241
590 _aBATCH-UPD
_b10
_c20130110
_lUCH01
_h2130
590 _aBATCH-UPD
_b10
_c20130410
_lUCH01
_h1439
590 _aBATCH-UPD
_b10
_c20130914
_lUCH01
_h1706
590 _aCONVERSION
_b10
_c20130109
_lUCH01
_h1311
650 1 4 _aAlgodon
_xVariedades.
_94068
901 _aBK
942 _cFOLL
949 _bBC
_cTES
_d-53573
_eTS1
_i22966
_si
949 _bBC
_cTES
_d-53574
_eTS2
_fc.2
_i22966
_si
999 _c17909
_d17909